[Event "Pohár mìsta Øíèany 2018"]
[Site "Øíèany"]
[Date "2018.08.30"]
[Round "7.1"]
[White "Pùlpán, Jakub"]
[Black "Vojta, Tomáš"]
[Result "1-0"]
[WhiteElo "2400"]
[BlackElo "2348"]
[PlyCount "97"]
[EventDate "2018.??.??"]

1. e4 d5 2. exd5 Nf6 3. Nc3 Nxd5 4. Bc4 Nb6 5. Bb3 c5 6. d3 Nc6 7. Nf3 Na5 8.
Be3 e6 9. Ne4 Qc7 10. O-O Be7 11. Qd2 Nxb3 12. cxb3 Nd5 13. Rfc1 b6 14. d4 Bb7
15. dxc5 Nxe3 16. Qxe3 Qc6 17. Rc4 b5 18. Rd4 O-O 19. Nd6 Bxd6 20. Rxd6 Qc7 21.
Ne5 Rad8 22. Rad1 Bd5 23. Rxd8 Rxd8 24. h3 a5 25. a3 f6 26. Nf3 b4 27. Nd4 Re8
28. axb4 axb4 29. Nb5 Qc6 30. Nd6 Ra8 31. f3 Ra2 32. Qd4 h6 33. Nc4 Kh8 34. Ne3
Ra5 35. Nxd5 exd5 36. Rc1 Rb5 37. Kh1 Rb8 38. Qf4 Rb7 39. h4 Kg8 40. h5 Rd7 41.
Qb8+ Kh7 42. Qxb4 d4 43. Kg1 Qe6 44. Qe1 Qxb3 45. c6 Rc7 46. Qe4+ f5 47. Qxd4
Qe6 48. Qc5 f4 49. b4 1-0

[Event "Pohár mìsta Øíèany 2018"]
[Site "Øíèany"]
[Date "2018.08.30"]
[Round "7.2"]
[White "Petr, Jakub"]
[Black "Plát, Vojtìch"]
[Result "0-1"]
[WhiteElo "2145"]
[BlackElo "2523"]
[PlyCount "100"]
[EventDate "2018.??.??"]

1. e4 c5 2. Nf3 Nc6 3. Bb5 g6 4. Bxc6 dxc6 5. h3 Bg7 6. d3 Nf6 7. Nc3 Nd7 8.
Be3 e5 9. Qd2 h6 10. O-O b6 11. Nh2 g5 12. Ne2 Nf8 13. Ng3 Ng6 14. Nh5 O-O 15.
Ng4 f5 16. exf5 Bxf5 17. Qc3 Qd5 18. Rae1 Bxg4 19. hxg4 Bh8 20. Qc4 Qxc4 21.
dxc4 e4 22. b3 Rae8 23. Ng3 Ne5 24. Bd2 Nxg4 25. Rxe4 Rxe4 26. Nxe4 Rd8 27. f3
Bd4+ 28. Kh1 Nf6 29. Nxf6+ Bxf6 30. Rf2 Re8 31. g4 b5 32. cxb5 cxb5 33. c4 bxc4
34. bxc4 Bd4 35. Rh2 Rb8 36. f4 Rb1+ 37. Kg2 Rb2 38. Kh3 Rxa2 39. fxg5 Be5 40.
Rf2 Bd4 41. Rg2 hxg5 42. Bxg5 Ra1 43. Kg3 a5 44. Kf4 a4 45. Kf5 Kf7 46. Re2
Rf1+ 47. Bf4 a3 48. Ke4 Rf2 49. Re1 a2 50. Be3 Re2 0-1

[Event "Pohár mìsta Øíèany 2018"]
[Site "Øíèany"]
[Date "2018.08.30"]
[Round "7.3"]
[White "Hostièka, František"]
[Black "Hollan, Petr"]
[Result "1/2-1/2"]
[WhiteElo "2087"]
[BlackElo "2179"]
[PlyCount "128"]
[EventDate "2018.??.??"]

1. e4 c5 2. b3 Nf6 3. e5 Nd5 4. Bb2 g6 5. c4 Nc7 6. h4 Bg7 7. h5 d6 8. f4 dxe5
9. Nf3 Bg4 10. h6 Bf8 11. Be2 f6 12. fxe5 Nd7 13. Rh4 Bf5 14. g4 Be4 15. exf6
exf6 16. g5 Bxf3 17. Bxf3 Bd6 18. Rh3 O-O 19. Bxb7 Rb8 20. Qf3 Be5 21. Bd5+ Kh8
22. Nc3 fxg5 23. Qg2 Nxd5 24. Qxd5 g4 25. Rh1 Bd4 26. O-O-O Ne5 27. d3 Rf2 28.
Rhe1 Qxd5 29. cxd5 g3 30. Na4 Bxb2+ 31. Nxb2 Nf3 32. Re7 g2 33. d6 g1=Q 34.
Rxg1 Nxg1 35. d7 Ne2+ 36. Kd2 Nf4+ 37. Kd1 Nd5 38. Re5 Rf5 39. Nc4 Rd8 40. Re8+
Rf8 41. Rxf8+ Rxf8 42. Ne5 Kg8 43. Nc6 Nc3+ 44. Kd2 Nxa2 45. d8=Q Rxd8 46. Nxd8
Nb4 47. Kc3 g5 48. Kc4 g4 49. Ne6 g3 50. Nf4 Kf7 51. d4 Na6 52. dxc5 Kf6 53.
Nh5+ Kg6 54. Nxg3 Kxh6 55. b4 Kg5 56. b5 Nc7 57. b6 axb6 58. cxb6 Na6 59. Ne4+
Kf5 60. Nc5 Nb8 61. Kd5 h5 62. Nd3 h4 63. Nf2 Kf4 64. Nh3+ Kg3 1/2-1/2

[Event "Pohár mìsta Øíèany 2018"]
[Site "Øíèany"]
[Date "2018.08.30"]
[Round "7.4"]
[White "Gregor, Jiøí"]
[Black "Svatoš, Jan"]
[Result "1/2-1/2"]
[WhiteElo "2262"]
[BlackElo "2264"]
[PlyCount "26"]
[EventDate "2018.??.??"]

1. d4 Nf6 2. c4 e6 3. Nc3 Bb4 4. e3 O-O 5. Nge2 c5 6. a3 Bxc3+ 7. Nxc3 d5 8.
cxd5 cxd4 9. exd4 Nxd5 10. Be2 Nc6 11. O-O h6 12. Bf3 Nce7 13. Qb3 Qb6 1/2-1/2

[Event "Pohár mìsta Øíèany 2018"]
[Site "Øíèany"]
[Date "2018.08.30"]
[Round "7.5"]
[White "Šimeèek, Bohumil"]
[Black "Kulhánek, Tomáš"]
[Result "0-1"]
[WhiteElo "2079"]
[BlackElo "2314"]
[PlyCount "80"]
[EventDate "2018.??.??"]

1. d4 Nf6 2. c4 e6 3. Nc3 Bb4 4. Qc2 O-O 5. a3 Bxc3+ 6. Qxc3 d6 7. Nf3 Nbd7 8.
e3 b6 9. Be2 Bb7 10. O-O c5 11. b3 Qe7 12. Bb2 Rac8 13. Rfd1 Ne4 14. Qc2 f5 15.
Rac1 Ndf6 16. Nd2 Nxd2 17. Qxd2 Ne4 18. Qe1 Ng5 19. dxc5 bxc5 20. f3 e5 21. Rd2
Rf6 22. Rcd1 Rg6 23. Kh1 e4 24. f4 Nf3 25. Bxf3 exf3 26. Kg1 Qe4 27. Rf2 Re8
28. Bc1 h5 29. Qd2 fxg2 30. Qd3 Qxd3 31. Rxd3 Be4 32. Rd1 Rb8 33. Rb2 Bf3 34.
Rd3 a5 35. Bd2 d5 36. cxd5 c4 37. Rd4 Rxb3 38. Rxb3 cxb3 39. Bc3 Rd6 40. a4
Rxd5 0-1

[Event "Pohár mìsta Øíèany 2018"]
[Site "Øíèany"]
[Date "2018.08.30"]
[Round "7.6"]
[White "Hrdina, Robin"]
[Black "Vìtrovský, Michal"]
[Result "1-0"]
[WhiteElo "2219"]
[BlackElo "2078"]
[PlyCount "105"]
[EventDate "2018.??.??"]

1. e4 c6 2. d4 d5 3. e5 Bf5 4. Nc3 e6 5. Nf3 Nd7 6. Be2 h6 7. O-O Ne7 8. Na4
Bh7 9. b3 g5 10. c4 Bg7 11. Ba3 O-O 12. cxd5 cxd5 13. Rc1 Re8 14. Bb5 Nc8 15.
Nc5 Nxc5 16. Bxc5 Ne7 17. Bxe8 Qxe8 18. Bxe7 Qxe7 19. Qd2 g4 20. Ne1 f6 21. f4
fxe5 22. fxe5 Qh4 23. Rc7 Bf5 24. Qc3 Kh7 25. Rxb7 Rg8 26. Rxa7 Kh8 27. Qg3 Qg5
28. Qf4 Qg6 29. b4 h5 30. g3 Bh6 31. Qf2 Qe8 32. a3 Rf8 33. Qe2 Qc8 34. Ng2 Qc3
35. Qf2 Kg8 36. Nf4 Be4 37. Re7 Bf5 38. Re1 Qxa3 39. Rb7 Qa6 40. Re7 Qa3 41.
Nxh5 Qxb4 42. Nf6+ Kh8 43. Rc7 Qa5 44. Rb7 Bg5 45. Nh7 Qa6 46. Rd7 Rd8 47.
Rxd8+ Bxd8 48. Nf6 Qd3 49. Qf4 Bxf6 50. exf6 Kh7 51. Qe3 Qc4 52. Rc1 Qa4 53.
Rc7+ 1-0

[Event "Pohár mìsta Øíèany 2018"]
[Site "Øíèany"]
[Date "2018.08.30"]
[Round "7.7"]
[White "Rut, Vojtìch"]
[Black "Vanka, Miloslav"]
[Result "1/2-1/2"]
[WhiteElo "2123"]
[BlackElo "2140"]
[PlyCount "142"]
[EventDate "2018.??.??"]

1. d4 f5 2. g3 Nf6 3. Bg2 d5 4. Nf3 e6 5. b3 c6 6. a4 Bd6 7. Ba3 O-O 8. Qc1 b6
9. c4 Qe7 10. Bxd6 Qxd6 11. a5 Bb7 12. O-O Nbd7 13. Qf4 Qxf4 14. gxf4 dxc4 15.
bxc4 c5 16. Nc3 cxd4 17. Nxd4 Bxg2 18. Kxg2 Rac8 19. axb6 axb6 20. Ra4 Kf7 21.
Ncb5 Ke7 22. Na7 Rc7 23. f3 Kf7 24. Rfa1 Ra8 25. Nab5 Rxa4 26. Rxa4 Rc5 27. Ra7
Ke7 28. Nc7 Rxc4 29. Ndxe6 g6 30. Kf2 Kd6 31. Ke3 b5 32. Ra6+ Ke7 33. Nxb5 Nd5+
34. Kd3 Rb4 35. Nbd4 Rb1 36. Ra7 Rd1+ 37. Kc4 N5b6+ 38. Kb5 Kd6 39. e4 Rb1+ 40.
Ka6 Nc8 41. e5+ Ke7 42. Rc7 Ncb6 43. Nc5 Kd8 44. Nde6+ Ke8 45. Nxd7 Nxd7 46.
Ng5 h6 47. Nh7 Rb6+ 48. Ka5 Re6 49. Kb5 Re7 50. Rc8+ Kf7 51. Rc6 Re6 52. Rxe6
Kxe6 53. Kc6 Nxe5+ 54. fxe5 Kxe5 55. Nf8 g5 56. Ng6+ Kd4 57. f4 Ke4 58. fxg5
hxg5 59. h4 f4 60. h5 f3 61. h6 f2 62. h7 f1=Q 63. h8=Q Qa6+ 64. Kc5 Qxg6 65.
Qd4+ Kf5 66. Qd3+ Kf6 67. Qd8+ Kg7 68. Kd4 Qf5 69. Ke3 Qf4+ 70. Ke2 Kg6 71. Qh8
Qg4+ 1/2-1/2

[Event "Pohár mìsta Øíèany 2018"]
[Site "Øíèany"]
[Date "2018.08.30"]
[Round "7.8"]
[White "Skalický, Tomáš"]
[Black "Pýcha, Patrik"]
[Result "1-0"]
[WhiteElo "2125"]
[BlackElo "2049"]
[PlyCount "107"]
[EventDate "2018.??.??"]

1. d4 d5 2. c4 e6 3. Nf3 Nf6 4. g3 Bb4+ 5. Bd2 Be7 6. Bg2 O-O 7. O-O Nbd7 8.
Nc3 c6 9. Qc2 b6 10. Bf4 Bb7 11. e4 dxe4 12. Nxe4 Nxe4 13. Qxe4 Nf6 14. Qe2 Bd6
15. Ne5 Rc8 16. Rad1 Re8 17. c5 Bb8 18. Bg5 h6 19. Bxf6 Qxf6 20. Nd7 Qd8 21.
Nxb8 Rxb8 22. b4 Qc8 23. Qe4 Ba6 24. Rfe1 Bb5 25. a4 Bxa4 26. Ra1 Bb3 27. Qxc6
Qxc6 28. Bxc6 Red8 29. Rxa7 Rxd4 30. cxb6 Rxb6 31. b5 Bd5 32. Rc1 Rc4 33. Rd1
Rc5 34. Be8 f6 35. h4 Rb8 36. Bc6 h5 37. Bxd5 exd5 38. Re1 Rcxb5 39. Ree7 g5
40. Rg7+ Kf8 41. Rh7 Kg8 42. Rag7+ Kf8 43. hxg5 fxg5 44. Rxg5 d4 45. Rgxh5 Rb1+
46. Kg2 R8b2 47. Rd5 Kg8 48. Rc7 Rb8 49. Rxd4 R1b2 50. Rg4+ Kh8 51. Rgc4 R8b3
52. Rc2 Rb1 53. Rc1 R1b2 54. R7c2 1-0

[Event "Pohár mìsta Øíèany 2018"]
[Site "Øíèany"]
[Date "2018.08.30"]
[Round "7.9"]
[White "Svetly, Jiri"]
[Black "Rodshtein, Tereza"]
[Result "0-1"]
[WhiteElo "1943"]
[BlackElo "2256"]
[PlyCount "50"]
[EventDate "2018.??.??"]

1. d4 d5 2. c4 c6 3. Nc3 Nf6 4. Nf3 e6 5. Bg5 dxc4 6. e4 b5 7. e5 h6 8. Bh4 g5
9. Nxg5 hxg5 10. Bxg5 Nbd7 11. Qf3 Bb7 12. O-O-O Qa5 13. exf6 b4 14. h4 bxc3
15. Bxc4 cxb2+ 16. Kb1 O-O-O 17. g4 Nb6 18. Bb3 c5 19. Qe2 Bxh1 20. Bxe6+ fxe6
21. Qxe6+ Kb7 22. Rxh1 cxd4 23. f7 Qxg5 24. hxg5 Rxh1+ 25. Kxb2 Na4+ 0-1

[Event "Pohár mìsta Øíèany 2018"]
[Site "Øíèany"]
[Date "2018.08.30"]
[Round "7.10"]
[White "Stanek, Ondrej"]
[Black "Vorisek, Jakub"]
[Result "1/2-1/2"]
[WhiteElo "1966"]
[BlackElo "2069"]
[PlyCount "125"]
[EventDate "2018.??.??"]

1. b3 e5 2. Bb2 Nc6 3. e3 d6 4. Bb5 Bd7 5. d4 exd4 6. exd4 Nf6 7. d5 Ne5 8. Be2
Be7 9. Nf3 Nxf3+ 10. Bxf3 O-O 11. O-O Bf5 12. Nd2 Nd7 13. Be4 Bxe4 14. Nxe4 f5
15. Ng3 Bf6 16. Bxf6 Qxf6 17. f4 Rae8 18. Qd2 Nc5 19. Rad1 g6 20. c4 h5 21. Ne2
Ne4 22. Qd4 Qxd4+ 23. Nxd4 Nc3 24. Rd2 Rf7 25. Rc1 Ne4 26. Re2 Rfe7 27. g3 Kf7
28. Rce1 Kf6 29. Kg2 a5 30. a4 Rc8 31. Nb5 Rd7 32. h4 c6 33. dxc6 bxc6 34. Nd4
d5 35. Rc1 c5 36. Nf3 d4 37. Ne5 Rb7 38. Rd1 Rxb3 39. Rd3 Rb1 40. Ra2 Rc7 41.
Kh2 Rcb7 42. Nc6 R7b2+ 43. Rxb2 Rxb2+ 44. Kg1 Ra2 45. Rb3 Nd6 46. Nxa5 Rxa4 47.
Rb6 Rxa5 48. Rxd6+ Ke7 49. Rd5 d3 50. Rxd3 Ra1+ 51. Kf2 Rc1 52. Rd5 Rxc4 53.
Kf3 Ke6 54. Rd8 Rc3+ 55. Kf2 c4 56. Rg8 Kf7 57. Rc8 Rc2+ 58. Kf3 c3 59. Rc6 Rc1
60. Kf2 c2 61. Kg2 Ke7 62. Rc3 Kd6 63. Rc8 1/2-1/2

[Event "Pohár mìsta Øíèany 2018"]
[Site "Øíèany"]
[Date "2018.08.30"]
[Round "7.11"]
[White "Blumel, Otto"]
[Black "Cermak, Jan"]
[Result "1/2-1/2"]
[WhiteElo "2019"]
[BlackElo "1878"]
[PlyCount "60"]
[EventDate "2018.??.??"]

1. d4 d5 2. Nc3 Nf6 3. e4 Nxe4 4. Nxe4 dxe4 5. f3 e5 6. Be3 Be7 7. fxe4 exd4 8.
Bxd4 O-O 9. Nf3 Nc6 10. Be3 Bf6 11. c3 Ne5 12. Be2 b6 13. O-O Bb7 14. Qc2 Qe7
15. Nd2 Rfe8 16. Rae1 Rad8 17. Bb5 c6 18. Be2 Bg5 19. Bf4 Qc5+ 20. Kh1 Bxf4 21.
Nb3 Qd6 22. Rxf4 Nd3 23. Bxd3 Qxf4 24. Rf1 Qe5 25. Bc4 Re7 26. Qf2 Rdd7 27. Nd4
Qxe4 28. Qg3 Qe5 29. Rxf7 Qxg3 30. Rf2+ Rd5 1/2-1/2

[Event "Pohár mìsta Øíèany 2018"]
[Site "Øíèany"]
[Date "2018.08.30"]
[Round "7.12"]
[White "Elias, Jakub"]
[Black "Otruba, Marek"]
[Result "0-1"]
[WhiteElo "1794"]
[BlackElo "2005"]
[PlyCount "60"]
[EventDate "2018.??.??"]

1. e4 c5 2. Nf3 d6 3. d4 cxd4 4. Nxd4 Nf6 5. Nc3 a5 6. Bc4 e6 7. Bb3 Be7 8. f4
O-O 9. O-O Nbd7 10. Qf3 Qc7 11. g4 b5 12. g5 Ne8 13. Be3 Bb7 14. Nce2 g6 15.
Ng3 e5 16. Nde2 exf4 17. Bxf4 Ne5 18. Bxe5 dxe5 19. h4 Nd6 20. Nc3 Nc4 21. Bxc4
Qxc4 22. Rad1 Rad8 23. Qe2 Qe6 24. Kh2 Bc8 25. Kh1 h6 26. gxh6 Bxh4 27. Qh2 Qg4
28. Kg1 Rxd1 29. Rxd1 b4 30. Nce2 Bxg3 0-1

[Event "Pohár mìsta Øíèany 2018"]
[Site "Øíèany"]
[Date "2018.08.30"]
[Round "7.13"]
[White "Polansky, Adam Lubos"]
[Black "Jun, Rudolf"]
[Result "1/2-1/2"]
[WhiteElo "1990"]
[BlackElo "1905"]
[PlyCount "39"]
[EventDate "2018.??.??"]

1. d4 Nf6 2. c4 g6 3. Nc3 Bg7 4. e4 d6 5. Be2 O-O 6. Be3 e5 7. d5 a5 8. g4 Na6
9. g5 Ne8 10. h4 Nc5 11. h5 Bd7 12. Nf3 Qe7 13. Kf1 Bh8 14. Kg2 Bg4 15. hxg6
fxg6 16. Rh4 Bh5 17. Qh1 Ng7 18. Qh3 Rac8 19. Rd1 Na6 20. Rd2 1/2-1/2

[Event "Pohár mìsta Øíèany 2018"]
[Site "Øíèany"]
[Date "2018.08.30"]
[Round "7.14"]
[White "Vavrinec, Tomas"]
[Black "Vlkova, Anezka"]
[Result "0-1"]
[WhiteElo "1986"]
[BlackElo "1901"]
[PlyCount "76"]
[EventDate "2018.??.??"]

1. c4 Nf6 2. Nc3 g6 3. g3 Bg7 4. Bg2 O-O 5. Nf3 d6 6. O-O e5 7. d3 c6 8. Rb1 a5
9. a3 Na6 10. b4 axb4 11. axb4 Re8 12. Qc2 Nh5 13. Bg5 f6 14. Be3 f5 15. Na4 f4
16. Bb6 Nc7 17. b5 Qd7 18. Nc3 Ne6 19. Ne4 Qe7 20. c5 d5 21. Nd6 Rf8 22. Nd2
Nd4 23. Qd1 fxg3 24. hxg3 Bg4 25. Nf3 Bxf3 26. exf3 Qg5 27. Nxb7 Nf4 28. gxf4
Rxf4 29. Bd8 Qh5 30. bxc6 Nxf3+ 31. Bxf3 Rxf3 32. Qxf3 Qxf3 33. Rb4 e4 34. Bc7
Bc3 35. Rb3 Bd4 36. Na5 e3 37. Rb8+ Rxb8 38. Bxb8 e2 0-1

[Event "Pohár mìsta Øíèany 2018"]
[Site "Øíèany"]
[Date "2018.08.30"]
[Round "7.15"]
[White "Kovar, Jan"]
[Black "Skacel, Jan"]
[Result "1/2-1/2"]
[WhiteElo "1810"]
[BlackElo "1961"]
[PlyCount "145"]
[EventDate "2018.??.??"]

1. e4 c5 2. Nf3 Nc6 3. Bb5 g6 4. Bxc6 bxc6 5. O-O Bg7 6. Re1 d6 7. c3 e6 8. d4
cxd4 9. cxd4 Ne7 10. Nc3 O-O 11. Bg5 h6 12. Be3 Kh7 13. e5 Nf5 14. Ne4 dxe5 15.
dxe5 Qd5 16. Qxd5 exd5 17. Nc5 Nxe3 18. Rxe3 Re8 19. Rae1 Bf8 20. Rc1 Rb8 21.
Na4 c5 22. b3 d4 23. Ree1 Rb5 24. Nd2 Be6 25. f4 Rd8 26. Nc4 g5 27. g3 gxf4 28.
gxf4 Be7 29. Nab2 Rg8+ 30. Kf2 Bh4+ 31. Kf3 Bd5+ 32. Ke2 Rg2+ 33. Kd3 Bxe1 34.
Rxe1 Rb8 35. Re2 Rxe2 36. Kxe2 Rg8 37. Na4 Rg2+ 38. Kd3 Rxa2 39. Nxc5 Rxh2 40.
Kxd4 Bc6 41. Nd6 Kg8 42. f5 Rh4+ 43. Ke3 h5 44. Nc8 Kf8 45. Nxa7 Bd5 46. Nc8
Bxb3 47. Nxb3 Rh3+ 48. Kf4 Rxb3 49. Kg5 Rb5 50. Kxh5 Rxe5 51. Kg5 Kg7 52. Nd6
f6+ 53. Kf4 Rd5 54. Ne8+ Kf7 55. Nc7 Rd4+ 56. Ke3 Ra4 57. Kf3 Rc4 58. Nd5 Rd4
59. Ne3 Kg7 60. Ng4 Ra4 61. Kg3 Ra3+ 62. Kf4 Kf7 63. Ke4 Ra4+ 64. Kf3 Ke7 65.
Kg3 Ra8 66. Kf4 Rf8 67. Nf2 Rb8 68. Ng4 Rb4+ 69. Kf3 Kd6 70. Kg3 Kd5 71. Kf3
Rb3+ 72. Kf4 Rb6 73. Ne3+ 1/2-1/2

[Event "Pohár mìsta Øíèany 2018"]
[Site "Øíèany"]
[Date "2018.08.30"]
[Round "7.16"]
[White "Lhotsky, Frantisek"]
[Black "Salac, Jiri"]
[Result "1/2-1/2"]
[WhiteElo "1737"]
[BlackElo "1958"]
[PlyCount "83"]
[EventDate "2018.??.??"]

1. d4 d5 2. c4 c6 3. Nf3 Nf6 4. Nc3 e6 5. e3 Be7 6. Bd3 dxc4 7. Bxc4 b5 8. Bd3
Bb7 9. O-O a6 10. a3 c5 11. dxc5 Bxc5 12. b4 Be7 13. Bb2 O-O 14. Rc1 Nbd7 15.
Bb1 Nb6 16. Qc2 Qc7 17. Ng5 Qc6 18. f3 g6 19. Qf2 Qe8 20. Be4 Nxe4 21. Ncxe4
Bxe4 22. Nxe4 f5 23. Nc5 Bf6 24. Bxf6 Rxf6 25. Rfd1 Nc4 26. Qh4 Rf7 27. Rc3 e5
28. Nxa6 Qe7 29. Qxe7 Rxe7 30. a4 Nb2 31. Rb1 Nxa4 32. Rc6 Rd7 33. Nc5 Nxc5 34.
Rxc5 Rd2 35. Kh1 Raa2 36. Rg1 Re2 37. Rxe5 Rab2 38. Rxb5 Rxe3 39. Rb7 Reb3 40.
h3 Rxb4 41. Ra7 Rb7 42. Rxb7 1/2-1/2

[Event "Pohár mìsta Øíèany 2018"]
[Site "Øíèany"]
[Date "2018.08.30"]
[Round "7.17"]
[White "Lhotsky, Zdenek"]
[Black "Hampel, Rudolf"]
[Result "1-0"]
[WhiteElo "1923"]
[BlackElo "1686"]
[PlyCount "119"]
[EventDate "2018.??.??"]

1. e4 c5 2. Nf3 e6 3. d4 cxd4 4. Nxd4 Nf6 5. Nc3 a6 6. e5 Ng8 7. Be2 Bc5 8. O-O
Ne7 9. Ne4 Qc7 10. Nb3 Ba7 11. Nd6+ Kf8 12. Be3 Nbc6 13. Bxa7 Rxa7 14. f4 f5
15. exf6 gxf6 16. f5 e5 17. Qd2 h5 18. Rad1 b6 19. Qd3 a5 20. Qc4 Rh7 21. Qh4
Ng8 22. Bc4 Rh6 23. Bxg8 Kxg8 24. Qc4+ Kh8 25. Qf7 Qd8 26. Ne8 d5 27. Qf8+ Kh7
28. Rf3 Qe7 29. Qxe7+ Rxe7 30. Nd6 Bd7 31. Rxd5 a4 32. Nd2 Nd4 33. Re3 Nxf5 34.
Nxf5 Bxf5 35. Ne4 Rg7 36. Rd6 Bxe4 37. Rxe4 b5 38. Rb6 Rhg6 39. g3 Rd7 40. Rxb5
Rd1+ 41. Kf2 Rd2+ 42. Re2 Rxe2+ 43. Kxe2 h4 44. Kf3 hxg3 45. hxg3 Kg7 46. Ra5
e4+ 47. Kxe4 Rxg3 48. Ra7+ Kg6 49. Ra8 f5+ 50. Kf4 Rg4+ 51. Ke3 Re4+ 52. Kf3
Kg5 53. b3 axb3 54. cxb3 Rf4+ 55. Ke3 Re4+ 56. Kd3 Kf4 57. a4 Ke5 58. Re8+ Kd5
59. Rxe4 fxe4+ 60. Ke3 1-0

[Event "Pohár mìsta Øíèany 2018"]
[Site "Øíèany"]
[Date "2018.08.30"]
[Round "7.18"]
[White "Hejsek, Lukas"]
[Black "Skala, Jaromir"]
[Result "1/2-1/2"]
[WhiteElo "1704"]
[BlackElo "1920"]
[PlyCount "58"]
[EventDate "2018.??.??"]

1. d4 d6 2. c4 e5 3. dxe5 dxe5 4. Qxd8+ Kxd8 5. Nf3 f6 6. g3 c6 7. Bg2 Be6 8.
b3 Nd7 9. O-O Ne7 10. Nc3 Nf5 11. Bb2 Kc7 12. Rac1 Rd8 13. Rfd1 Kb8 14. e3 Be7
15. Ne4 Nc5 16. Nxc5 Bxc5 17. a3 h5 18. b4 Be7 19. c5 Bb3 20. Rd2 g5 21. e4 Ng7
22. Rxd8+ Rxd8 23. Nxe5 Rd2 24. Bc3 Ra2 25. Ra1 Ne8 26. Rxa2 Bxa2 27. Nf3 a5
28. e5 g4 29. Nh4 Bb1 1/2-1/2

[Event "Pohár mìsta Øíèany 2018"]
[Site "Øíèany"]
[Date "2018.08.30"]
[Round "7.19"]
[White "Hadrava, Jaroslav"]
[Black "Otrubova, Kristyna"]
[Result "1-0"]
[WhiteElo "1913"]
[BlackElo "1651"]
[PlyCount "185"]
[EventDate "2018.??.??"]

1. e4 c5 2. Nf3 d6 3. d4 cxd4 4. Nxd4 Nf6 5. Nc3 Nc6 6. Nxc6 bxc6 7. Bd3 g6 8.
Be3 Bg7 9. O-O O-O 10. Rb1 d5 11. exd5 cxd5 12. Bd4 Bb7 13. Re1 a6 14. Na4 Bc6
15. Nc5 a5 16. b3 Qd6 17. Qe2 Rfe8 18. Qe5 Qxe5 19. Bxe5 Nd7 20. Nxd7 Bxd7 21.
c4 Be6 22. c5 Rac8 23. Rbc1 Bxe5 24. Rxe5 Rc7 25. Bb5 Rb8 26. Ba4 Rb4 27. f3
Kg7 28. g3 h5 29. Kf2 Kf6 30. f4 d4 31. c6 Bf5 32. Rxa5 Ke6 33. a3 Rb6 34. Rac5
Kd6 35. Bb5 Be4 36. Ke2 f6 37. a4 Rb8 38. a5 Rbc8 39. b4 Bxc6 40. Ba6 Rb8 41.
b5 Bxb5+ 42. Rxb5 Rxb5 43. Rxc7 Rxa5 44. Ra7 d3+ 45. Kxd3 Ra2 46. Ke3 Rxh2 47.
Bd3 g5 48. Ra6+ Kd7 49. Bf5+ Kc7 50. Ra7+ Kd8 51. Rd7+ Ke8 52. Be6 h4 53. Ra7
Kd8 54. Ra8+ Kc7 55. f5 hxg3 56. Kf3 g2 57. Kf2 Kd6 58. Ra7 Rh7 59. Kxg2 Ke5
60. Rd7 Ke4 61. Kg3 Rg7 62. Kg4 Rh7 63. Rd1 Rh4+ 64. Kg3 Rh7 65. Rd2 Rh8 66.
Rb2 Kd4 67. Rb7 Rh7 68. Rb4+ Ke5 69. Kf3 Rh3+ 70. Ke2 Kd6 71. Rd4+ Ke5 72. Rd7
Rh7 73. Kd3 Rh3+ 74. Kc4 Rh4+ 75. Kc5 Rh7 76. Kc6 g4 77. Rd5+ Ke4 78. Ra5 g3
79. Ra4+ Kf3 80. Bd5+ Kf2 81. Rg4 Rh5 82. Be4 Ke3 83. Kd7 Rh7 84. Ke6 Kf2 85.
Bd5 Rh5 86. Rf4+ Ke3 87. Rf3+ Kd4 88. Rxg3 Rh7 89. Rg4+ Kd3 90. Ra4 Ke3 91. Bc6
Rh5 92. Be8 Rg5 93. Bg6 1-0

[Event "Pohár mìsta Øíèany 2018"]
[Site "Øíèany"]
[Date "2018.08.30"]
[Round "7.20"]
[White "Matys, Jakub"]
[Black "Koubova, Anna Marie"]
[Result "0-1"]
[WhiteElo "1830"]
[BlackElo "2086"]
[PlyCount "82"]
[EventDate "2018.??.??"]

1. d4 Nf6 2. Nf3 g6 3. g3 Bg7 4. Bg2 O-O 5. c4 d5 6. O-O dxc4 7. Na3 c3 8. bxc3
c5 9. Qb3 Nc6 10. Rd1 Na5 11. Qb2 Bf5 12. Ne5 Ne4 13. g4 Bxe5 14. gxf5 Nf6 15.
Bh6 Bxh2+ 16. Kh1 Re8 17. fxg6 hxg6 18. e4 Ng4 19. Qe2 Nxh6 20. Kxh2 e6 21. Rh1
cxd4 22. Kg1 Qg5 23. cxd4 Rac8 24. Qb5 Rc1+ 25. Rxc1 Qxc1+ 26. Bf1 Nc6 27. Nc4
Rd8 28. Ne3 Nxd4 29. Qa5 b6 30. Qxa7 Qc5 31. Rxh6 Qg5+ 32. Bg2 Qxh6 33. Qxb6
Qg5 34. Kf1 Qb5+ 35. Qxb5 Nxb5 36. a4 Nc3 37. a5 Rd4 38. Ke1 Ra4 39. Kd2 Nb5
40. a6 Rxa6 41. Bf1 Ra2+ 0-1

[Event "Pohár mìsta Øíèany 2018"]
[Site "Øíèany"]
[Date "2018.08.30"]
[Round "7.21"]
[White "Dubnicka, Augustin"]
[Black "Zizka, Petr"]
[Result "1/2-1/2"]
[WhiteElo "1718"]
[BlackElo "2028"]
[PlyCount "50"]
[EventDate "2018.??.??"]

1. e4 Nc6 2. f4 d5 3. exd5 Qxd5 4. Nc3 Qe6+ 5. Qe2 Nd4 6. Qxe6 Bxe6 7. Bd3
O-O-O 8. Nge2 g6 9. Nxd4 Rxd4 10. Ne2 Rd7 11. O-O Bg7 12. f5 gxf5 13. Bxf5 Bxf5
14. Rxf5 e6 15. Rf3 f5 16. d3 Ne7 17. c3 e5 18. Bg5 Ng6 19. Rxf5 Rxd3 20. Rf7
Bf8 21. b4 Bd6 22. Raf1 h6 23. Bc1 Nf4 24. Nxf4 exf4 25. Bxf4 Rxc3 1/2-1/2

[Event "Pohár mìsta Øíèany 2018"]
[Site "Øíèany"]
[Date "2018.08.30"]
[Round "7.22"]
[White "Rerabek, Jaroslav"]
[Black "Maly, Filip"]
[Result "0-1"]
[WhiteElo "1684"]
[BlackElo "1954"]
[PlyCount "93"]
[EventDate "2018.??.??"]

1. e4 c5 2. Nf3 d6 3. c3 Nf6 4. Be2 Nc6 5. d3 g6 6. Bg5 Bg7 7. Qd2 O-O 8. Bh6
c4 9. Bxg7 Kxg7 10. O-O cxd3 11. Qxd3 Qb6 12. b3 Bg4 13. h3 Bxf3 14. Bxf3 Rac8
15. Rc1 Ne5 16. Qe2 Rc7 17. Nd2 Rfc8 18. c4 h5 19. Nf1 Nc6 20. Rd1 Nd4 21. Qd3
e5 22. Ng3 Nd7 23. Ne2 Nc5 24. Qd2 Nce6 25. Nxd4 Nxd4 26. Qd3 Qa5 27. Qd2 Qc5
28. Be2 a5 29. Bd3 a4 30. b4 Qc6 31. b5 Qd7 32. Qb4 g5 33. Qd2 Qe7 34. Qe3 Kh6
35. h4 Rg8 36. hxg5+ Qxg5 37. Qxg5+ Rxg5 38. Kf1 f6 39. f4 Rg3 40. Kf2 Rcg7 41.
Bf1 Nc2 42. Rac1 Nd4 43. Rd3 R3g4 44. g3 h4 45. Rcc3 hxg3+ 46. Rxg3 Rxf4+ 47.
Kg2 0-1

[Event "Pohár mìsta Øíèany 2018"]
[Site "Øíèany"]
[Date "2018.08.30"]
[Round "7.23"]
[White "Postupa, Pavel"]
[Black "Simak, Roman"]
[Result "0-1"]
[WhiteElo "1944"]
[BlackElo "1819"]
[PlyCount "68"]
[EventDate "2018.??.??"]

1. e4 c6 2. Nc3 d5 3. Nf3 Nf6 4. e5 Ne4 5. d4 Bg4 6. Be2 Nxc3 7. bxc3 e6 8. Rb1
Qc7 9. O-O c5 10. c4 dxc4 11. d5 exd5 12. Qxd5 Nc6 13. Qxc4 Be6 14. Qa4 Be7 15.
Ng5 Bxg5 16. Bxg5 Qxe5 17. Rxb7 O-O 18. Be3 Nd4 19. Bc4 Qe4 20. Bxd4 Bxc4 21.
Qxc4 Qxb7 22. Qxc5 Rac8 23. Qf5 Rfd8 24. Bxg7 Qd5 25. Qg4 Qe6 26. Qg3 Qg6 27.
Bf6 Qxg3 28. hxg3 Rd2 29. Rb1 Rdxc2 30. a4 Rc1+ 31. Rxc1 Rxc1+ 32. Kh2 Rc6 33.
Bd8 Kf8 34. a5 Ra6 0-1

[Event "Pohár mìsta Øíèany 2018"]
[Site "Øíèany"]
[Date "2018.08.30"]
[Round "7.24"]
[White "Pavlicek, Petr"]
[Black "Jirousek, Tadeas"]
[Result "0-1"]
[WhiteElo "1891"]
[BlackElo "1737"]
[PlyCount "86"]
[EventDate "2018.??.??"]

1. Nf3 Nf6 2. d4 e6 3. c4 b6 4. g3 Bb7 5. Bg2 c5 6. d5 exd5 7. Nh4 g6 8. Nc3
Bg7 9. O-O O-O 10. Bf4 a6 11. Nxd5 Bxd5 12. cxd5 d6 13. Qd2 Re8 14. f3 Qc7 15.
e4 Nbd7 16. Bh6 Bh8 17. Rae1 b5 18. f4 Rac8 19. f5 Ng4 20. fxg6 hxg6 21. Bh3
Nde5 22. Bf4 Nc4 23. Qe2 Bd4+ 24. Kh1 Nge3 25. Bxc8 Qxc8 26. b3 Nxf1 27. bxc4
Ne3 28. Bxe3 Rxe4 29. Qf2 Qe8 30. Ng2 bxc4 31. Kg1 Qe5 32. Bxd4 cxd4 33. Rxe4
Qxe4 34. Qe1 Qxd5 35. Qd2 Qc5 36. Kf1 d3 37. Nf4 Qd4 38. h4 d5 39. Kg2 Qe4+ 40.
Kf2 Kg7 41. Qc3+ Kg8 42. h5 g5 43. h6 d4 0-1

[Event "Pohár mìsta Øíèany 2018"]
[Site "Øíèany"]
[Date "2018.08.30"]
[Round "7.25"]
[White "Vilimova, Julie"]
[Black "Paldus, Jan"]
[Result "1/2-1/2"]
[WhiteElo "1836"]
[BlackElo "1812"]
[PlyCount "54"]
[EventDate "2018.??.??"]

1. d4 d5 2. c4 e6 3. Nc3 Nf6 4. Bg5 Be7 5. e3 O-O 6. Bd3 dxc4 7. Bxc4 Nbd7 8.
Nf3 c5 9. O-O h6 10. Bh4 cxd4 11. Nxd4 Nb6 12. Bb3 Nfd5 13. Bxe7 Nxe7 14. e4 e5
15. Nf3 Qxd1 16. Rfxd1 Bg4 17. Rd3 Nc6 18. Nd5 Nxd5 19. Bxd5 Nb4 20. Rb3 Nxd5
21. Nxe5 Be6 22. exd5 Bxd5 23. Rd3 Be6 24. a3 Rfd8 25. Rad1 Rxd3 26. Rxd3 Rc8
27. Rc3 Rxc3 1/2-1/2